Normal view
MARC view
Entry Personal Name
001 - CONTROL NUMBER
- control field: 12727
003 - CONTROL NUMBER IDENTIFIER
- control field: BD-RjUL
005 - DATE AND TIME OF LATEST TRANSACTION
- control field: 20240425114949.0
008 - FIXED-LENGTH DATA ELEMENTS
- fixed length control field: 240425|| aca||aabn | a|a d
040 ## - CATALOGING SOURCE
- Original cataloging agency: BD-RjUL
- Transcribing agency: BD-RjUL
100 ## - HEADING--PERSONAL NAME
- Personal name: Akand, A. S. M. Aynul Haque
670 ## - SOURCE DATA FOUND
- Source citation: Work cat.: (BD-RjUL)83591: Akand, A. S. M. Aynul Haque, Comparative Nutritional Studies of Guava at Different Maturity Stages and Purification, Characterization of Amylase and Polyphenol Oxidase from Guava (Psidium Guajava Linn.) /, 2010